[Event "Porto Alegre Gaucho op"]
[Site "Porto Alegre"]
[Date "2015.11.01"]
[Round "4"]
[White "Siebel, Eduardo Grundler"]
[Black "Gusmao, Pablo da Silva"]
[Result "0-1"]
[WhiteElo "1770"]
[BlackElo "1800"]
[PlyCount "72"]
[EventDate "2015.10.31"]
[EventType "swiss"]
[EventRounds "6"]
[EventCountry "BRA"]
[SourceTitle "CBM 169 Extra"]
[Source "ChessBase"]
[SourceDate "2015.12.18"]
[SourceVersion "1"]
[SourceVersionDate "2015.12.18"]
[SourceQuality "1"]

1. e4 c5 2. Nf3 g6 3. Bc4 Bg7 4. c3 e6 5. d4 cxd4 6. cxd4 d5 7. Bb5+ Bd7 8. Bxd7+ Qxd7 9. e5 f6 10. 0-0 Nc6 11. Bf4 Nge7 12. Nc3 0-0 13. Nb5 fxe5 14. dxe5 Rxf4 15. Qd2 Rff8 16. Nc3 Nxe5 17. Nd4 N5c6 18. Nf3 Rac8 19. Rfe1 Nf5 20. Ng5 Bh6 21. h4 Nxh4 22. f4 e5 23. Qxd5+ Qxd5 24. Nxd5 exf4 25. Ne6 Rf5 26. Rad1 Re8 27. Ndc7 Re7 28. b4 f3 29. Rf1 Nxg2 30. b5 Be3+ 31. Kh2 Rxc7 32. Nxc7 Bf4+ 33. Kg1 Bxc7 34. bxc6 bxc6 35. Rd7 Bb6+ 36. Kh2 Ne3 0-1